MARC

LEADER 00000nam0a2200000 4500
001 310740
005 20231102002322.0
035 |a (RuTPU)RU\TPU\book\336092 
090 |a 310740 
100 |a 20151127d1981 k y0rusy5003 ca 
101 0 |a rus 
102 |a RU 
105 |a a z 001zy 
200 1 |a Вероятностные методы в демографии  |f И. Г. Венецкий 
210 |a Москва  |c Финансы и статистика  |d 1981 
215 |a 223 с.  |c ил. 
320 |a Библиогр. в конце ст. 
606 1 |a Демография  |2 stltpush  |3 (RuTPU)RU\TPU\subj\9057  |9 36346 
610 1 |a вероятностные методы 
610 1 |a распределение 
610 1 |a зависимости 
610 1 |a смертность 
610 1 |a прогнозирование 
610 1 |a миграция 
686 |a С7  |v LBC/SL-A  |2 rubbk 
700 1 |a Венецкий  |b И. Г.  |g Илья Григорьевич  |4 070 
801 0 |a RU  |b RuMRKP  |c 19950704  |g psbo 
801 1 |a RU  |b 63413507  |c 20151127 
801 2 |a RU  |b 63413507  |c 20171018  |g RCR 
942 |c BK